LEADER 01377nam a2200313 a 4500 001 000000121154 003 CaOOAMICUS 005 20100412154800.0 008 100412t2010 it aboe u000 u ita r 040 $aPUL$bita$dReb 041 1 $aita$heng 082 04$a930 100 1 $aCowan, Ross.$0(OLS)http://pul/name/75858 245 12$aL'esercito di Augusto /$cRoss Cowan ; illustrazioni di Brian Delf [et al.]. 260 $aMilano :$bRBA Italia,$cİ2010. 300 $a71 p. :$bill., c. geogr., foto ;$c25 cm. 490 1 $aRoma e Grecia$aLe battaglie, gli eserciti, i grandi condottieri 490 1 $aRoma$aL'impero I 500 $aPubblicazione periodica settimanale. 504 $aInclude bibliografia ed indice. 651 4$aRoma$xStoria militare.$0(OLS)http://pul/subject/29855 700 1 $aDelf, Brian.$0(OLS)http://pul/name/75859 830 0$aRoma e Grecia$pLe battaglie, gli eserciti, i grandi condottieri.$0(OLS)http://pul/title/150360 830 0$aRoma$pL'impero I.$0(OLS)http://pul/title/152364 850 $aPUL 852 $aPUL$W1$xDP2 Filosofia 3$y112$m930 COLL 2.5$j138915$qDDC 21$q $B138154$CPULBib$Z2$F138154 $H113244 $81 996 $6082$a930$9(OLS)http://pul/classification/398 996 $6245$aL'esercito di Augusto$9(OLS)http://pul/title/152363 996 $6260$aMilano :$bRBA Italia$9(OLS)http://pul/publisher/80118 LEADER 01563nam a2200373 a 4500 001 000000174662 003 CaOOAMICUS 005 20210716145655.0 008 210716s2020 pl 000 udeng r 020 $z978-83-7614-464-1* 032 $aLibriCat 040 $aPUL$bita 041 0 $aeng$apol 082 04$a197 245 00$aFeliks Koneczny /$cedited by Pawe? Skrzydlewski. 260 $aKrakow :$bIgnatianum University Press,$cİ2020. 300 $a214 p. ;$c24 cm. 490 1 $aThe Polish Christian Philosophy in the 20th Century. 500 $aBibliografia p. 197-214. 500 $aContiene: Feliks Koneczny: Selected writings 546 $aContributi in inglese e polacco. 600 14$aKoneczny, Feliks,$d1862-1949.$0(OLS)http://pul/subject/46483 650 4$aFilosofia cristiana$zPolonia$ySec. XX.$0(OLS)http://pul/subject/46484 700 1 $aKoneczny, Feliks.$0(OLS)http://pul/name/112236 700 1 $aSkrzydlewski, Pawel.$0(OLS)http://pul/name/112231 830 4$aThe Polish Christian Philosophy in the 20th Century.$0(OLS)http://pul/title/213499 850 $aPUL 852 $aPUL$W1$xSL Filosofia 3$y81$m197 PCP 1.12$j198969$qDDC 21$B203603$CPULBib$Z2$F203603 $H135104 $82 941 1 $a9 996 $6020$z978-83-7614-464-1*$9(OLS)http://pul/number/168278 996 $6082$a197$9(OLS)http://pul/classification/1995 996 $6245$aFeliks Koneczny$9(OLS)http://pul/title/215971 996 $6260$aKrakow :$bIgnatianum University Press$9(OLS)http://pul/publisher/87205